|
|
|
|
| LEADER |
02182nam a2200541 a 4500 |
| 001 |
001270979 |
| 003 |
CZ BrMZK |
| 005 |
20130207074637.0 |
| 006 |
m||||||||d|||||||| |
| 007 |
co^cg |
| 008 |
121213s2011 xr e 00| 0 cze |
| 015 |
|
|
|a cnb002196518
|
| 020 |
|
|
|a 978-80-245-1753-7
|q (CDR)
|
| 040 |
|
|
|a BOA001
|b cze
|
| 041 |
0 |
|
|a cze
|a slo
|
| 043 |
|
|
|a e-xr---
|a e-xo---
|
| 072 |
|
7 |
|a 330.5+338
|x Národní hospodářství a hospodářská politika
|2 Konspekt
|9 4
|
| 080 |
|
|
|a 330.567.2
|2 MRF
|
| 080 |
|
|
|a 330.564.2
|2 MRF
|
| 080 |
|
|
|a 311.21
|2 MRF
|
| 080 |
|
|
|a 004.414.2
|2 MRF
|
| 080 |
|
|
|a (437.3)
|2 MRF
|
| 080 |
|
|
|a (437.6)
|2 MRF
|
| 080 |
|
|
|a (082)
|2 MRF
|
| 080 |
|
|
|a (0.034.44)
|2 MRF
|
| 245 |
0 |
0 |
|a Analýza a modelování finančního potenciálu českých (slovenských) domácností
|h [elektronický zdroj] :
|b monografický sborník statí z řešení vědeckého projektu GAČR číslo 402/09/0515 /
|c editor Jitka Bartošová
|
| 260 |
|
|
|a Jindřichův Hradec :
|b Oeconomica,
|c c2011
|
| 300 |
|
|
|a 1 CD-ROM
|
| 500 |
|
|
|a Název z titulní obrazovky
|
| 500 |
|
|
|a Pod názvem: Fakulta managementu VŠE, Jindřichův Hradec
|
| 538 |
|
|
|a Požadavky na systém: internetový prohlížeč, Adobe Acrobat Reader
|
| 546 |
|
|
|a Část. slovenský text
|
| 550 |
|
|
|a Vydavatel: Vysoká škola ekonomická v Praze
|
| 650 |
0 |
7 |
|a domácnosti
|7 ph119552
|z Česko
|2 czenas
|
| 650 |
0 |
7 |
|a domácnosti
|7 ph119552
|z Slovensko
|2 czenas
|
| 650 |
0 |
7 |
|a příjmy
|7 ph124928
|z Česko
|2 czenas
|
| 650 |
0 |
7 |
|a příjmy
|7 ph124928
|z Slovensko
|2 czenas
|
| 650 |
0 |
7 |
|a statistická šetření
|7 ph191042
|z Česko
|2 czenas
|
| 650 |
0 |
7 |
|a statistická šetření
|7 ph191042
|z Slovensko
|2 czenas
|
| 650 |
0 |
7 |
|a analytické modelování
|7 ph561724
|2 czenas
|
| 655 |
|
7 |
|a sborníky
|7 fd163935
|2 czenas
|
| 655 |
|
7 |
|a CD-ROM
|7 fd133955
|2 czenas
|
| 700 |
1 |
|
|a Bartošová, Jitka
|7 mzk2004258375
|4 edt
|
| 710 |
2 |
|
|a Vysoká škola ekonomická v Praze.
|b Fakulta managementu
|7 ko2002109809
|
| 910 |
2 |
|
|a BOA001
|b CDR-1298.046
|
| 990 |
|
|
|a BK
|
| 991 |
|
|
|b 201302
|c NOV
|e n
|
| 996 |
6 |
|
|b 2610531737
|c CDR-1298.046
|l Stud. periodik/2.patro
|r Sklad / do 1 hodiny
|n 0
|p p.v.
|w 001306993
|u 000010
|a 1
|e BOA001
|j MZK50
|s P
|